000 00642nam a2200181Ia 4500
008 100920s9999 xx 000 0 und d
082 _b106618
_a891.43 न 08
100 _aसिंह चित्तरंजन.
245 _aकुछ मुद्दे: कुछ विमर्श.
260 _bसदानीरा इलाहबाद.
_c2008
300 _a168
_bसाधी
365 _b175
520 _aहिंदी.
630 _aकुछ मुद्दे: कुछ विमर्श.
650 _aहिंदी.
730 _aकुछ मुद्दे: कुछ विमर्श.
942 _cBOOK
999 _c747043
_d747040